Socios comerciales más grandes - España - Estadísticas

Estadísticas generales
  • Esta prueba ha sido intentada 2.837 veces
    992 desde el último reinicio
  • La puntuación promedio es 16 de 19
Estadísticas de respuestas
Exportaciones Importaciones País % Correcto
20,4 26,6 Estados Unidos
99%
66,4 47,8 Francia
99%
44,3 59,3 Alemania
98%
8,20 39,7 China
98%
36,9 34,7 Italia
97%
13,1 9,57 Marruecos
95%
24,4 11,1 Reino Unido
95%
36,1 19,8 Portugal
94%
6,06 México
92%
7,93 Brasil
87%
10,2 10,1 Polonia
86%
6,93 Argelia
85%
14,0 31,7 Países Bajos
85%
7,17 Suiza
85%
16,6 16,5 Bélgica
83%
3,92 Suecia
80%
9,48 9,20 Turquía
77%
4,06 6,37 República Checa
54%
6,22 Nigeria
31%
No se encontraron pruebas coincidentes
Distribución de puntuación
Porcentaje de gente con cada puntuación
Porcentaje por número respondido
Historial de tus puntuaciones
No has intentado esta prueba desde el último reinicio